000 00497nam a2200169 4500
001 112692
003 ES-MaACL
005 20230906185609.0
007 t|
008 061121s1904 fr r ||||1| fre d
100 1 _aNovicow, Jacques (
_d1849-1912)
_986078
245 1 4 _aLes luttes entre sociétés humaines et leurs phases successives /
_cpar J. Novicow.
250 _a3e éd. rev.
260 _aParis :
_bFélix Alcan,
_c1904.
300 _a761 p. ;
_c23 x 14 cm.
852 _aES-MaACL
_jB-6896
999 _c112692
_d112692